000 00360nam a22001337a 4500
008 190220b xxu||||| |||| 00| 0 eng d
020 _a9789994382446
041 _aeng
080 _a910
100 _a42
101 _aGJEO
245 _aGjeografia e Kosovës dhe trevave shqiptare përtej kufirit të Republikës së Shqipërisë
_cLaçi,S
942 _2udc
_cBK
999 _c54107
_d54107